Loading...
Literature - British Literature | 0 | 5 | 0 | 1 | 50 | 62 | 92.60 | 1 | 3 |
Literature - European Literature | 0 | 5 | 0 | 0 | 50 | 43 | 62.20 | 0 | 5 |
Fine Arts - Visual Fine Arts | 0 | 5 | 0 | 0 | 50 | 55 | 80.40 | 1 | 4 |
History - World History | 0 | 5 | 0 | 1 | 50 | 34 | 53.40 | 2 | 2 |
Fine Arts - Other Fine Arts | 0 | 5 | 1 | 0 | 45 | 69 | 91.20 | 1 | 3 |
Literature - American Literature | 0 | 4 | 0 | 0 | 40 | 54 | 79.50 | 0 | 3 |
Philosophy | 0 | 3 | 1 | 0 | 25 | 42 | 64.67 | 2 | 2 |
History - Other History | 0 | 2 | 0 | 0 | 20 | 53 | 58.50 | 0 | 1 |
Religion | 0 | 2 | 1 | 0 | 15 | 40 | 62.00 | 0 | 2 |
History - European History | 0 | 2 | 1 | 1 | 15 | 76 | 100.00 | 0 | 1 |
Literature - World/Other Literature | 0 | 2 | 2 | 0 | 10 | 85 | 98.50 | 0 | 1 |
Mythology | 0 | 1 | 0 | 0 | 10 | 63 | 63.00 | 1 | 1 |
Other Academic | 0 | 1 | 0 | 0 | 10 | 65 | 65.00 | 0 | 1 |
History - American History | 0 | 2 | 2 | 0 | 10 | 61 | 67.00 | 1 | 2 |
Pop Culture | 0 | 1 | 0 | 0 | 10 | 70 | 70.00 | 1 | 1 |
Science - Biology | 0 | 1 | 1 | 0 | 5 | 116 | 116.00 | 0 | 0 |
Fine Arts - Classical Music | 0 | 1 | 1 | 0 | 5 | 79 | 79.00 | 0 | 0 |